How to do business with the Japanese

Đã lưu trong:
Sonraí Bibleagrafaíochta
Príomhúdar: Jung, Herbert F.
Formáid: Leabhar
Teanga:Undetermined
Foilsithe: Tokyo The Japan Times, Ltd. 1986
Ábhair:
Clibeanna: Cuir Clib Leis
Gan Chlibeanna, Bí ar an gcéad duine leis an taifead seo a chlibeáil!
Thư viện lưu trữ: Trung tâm Học liệu Trường Đại học Cần Thơ
LEADER 00527nam a2200181Ia 4500
001 CTU_87850
008 210402s9999 xx 000 0 und d
082 |a 658.4 
082 |b H847 
100 |a Jung, Herbert F. 
245 0 |a How to do business with the Japanese 
245 0 |c Herbert F. Jung 
260 |a Tokyo 
260 |b The Japan Times, Ltd. 
260 |c 1986 
650 |a Industrial management,Japan,Negotiation in business 
904 |i Trọng Hiếu 
980 |a Trung tâm Học liệu Trường Đại học Cần Thơ